[Event "Lynskak DM 2023"]
[Site "Hvidovre"]
[Date "2023.05.14"]
[Round "10.4"]
[White "Lauridsen, Jesper Morch"]
[Black "Sylvan, Jacob"]
[Result "0-1"]
[WhiteElo "2309"]
[BlackElo "2325"]
[PlyCount "88"]
[EventDate "2023.05.14"]
[EventType "swiss"]
[EventRounds "13"]
[EventCountry "DEN"]
[SourceTitle "Live v. Kasper Jerwiarz"]

1. e4 c5 2. Nf3 e6 3. b3 Nc6 4. Bb2 a6 5. Nc3 d6 6. Qe2 e5 7. Nd5 Nf6 8. c3 Be7
9. O-O-O Be6 10. Nxe7 Qxe7 11. d4 exd4 12. cxd4 Bg4 13. e5 dxe5 14. dxe5 Nd7
15. Qe4 Bxf3 16. gxf3 O-O-O 17. Bh3 Kb8 18. e6 fxe6 19. Qxe6 Qxe6 20. Bxe6 Nf6
21. Rxd8+ Rxd8 22. Rg1 Re8 23. Bc4 Re7 24. Bxf6 gxf6 25. Rg8+ Kc7 26. Bd5 Nd4
27. Be4 f5 28. Bd3 Re1+ 29. Kb2 Rd1 30. Rg7+ Kb6 31. Bc4 Rd2+ 32. Kb1 Rxf2 33.
Rxh7 Nxf3 34. Bd5 Nxh2 35. Rxb7+ Ka5 36. Bc4 Ng4 37. Ra7 Kb4 38. Rxa6 Kc3 39.
a4 Ne3 40. Re6 f4 41. a5 Rh2 42. a6 Rh1+ 43. Ka2 Nc2 44. a7 Ra1# 0-1

[Event "Lynskak DM 2023"]
[Site "Hvidovre"]
[Date "2023.05.14"]
[Round "10.5"]
[White "Hansen, Jacob Ost"]
[Black "Thybo, Jesper Sondergaard"]
[Result "0-1"]
[WhiteElo "2338"]
[BlackElo "2509"]
[PlyCount "61"]
[EventDate "2023.05.14"]
[EventType "swiss"]
[EventRounds "13"]
[EventCountry "DEN"]
[SourceTitle "Live v. Kasper Jerwiarz"]

1. g3 Nf6 2. Bg2 g6 3. c4 Bg7 4. Nc3 O-O 5. e4 c5 6. Nge2 Nc6 7. d3 d6 8. O-O
Ne8 9. Be3 Nd4 10. Rb1 Nc7 11. Bxd4 cxd4 12. Nd5 e6 13. Nxc7 Qxc7 14. b4 Bd7
15. Qb3 a5 16. a3 axb4 17. axb4 Ra4 18. Ra1 Rfa8 19. Rxa4 Rxa4 20. Rb1 Qb6 21.
Nc1 Qa7 22. Qb2 Ra3 23. Bf1 Qa4 24. Be2 b5 25. Qd2 h5 26. Kg2 e5 27. Rb2 Kh7
28. Qc2 Qxc2 29. Rxc2 Bh6 30. Na2 bxc4 31. Nc1 0-1

[Event "Lynskak DM 2023"]
[Site "Hvidovre"]
[Date "2023.05.14"]
[Round "10.6"]
[White "Loftgaard, Mikkel Vinh"]
[Black "Olsen, Filip Boe"]
[Result "0-1"]
[WhiteElo "2244"]
[BlackElo "2435"]
[PlyCount "72"]
[EventDate "2023.05.14"]
[EventType "swiss"]
[EventRounds "13"]
[EventCountry "DEN"]
[SourceTitle "Live v. Kasper Jerwiarz"]

1. e4 c5 2. Nf3 d6 3. Bb5+ Bd7 4. Bxd7+ Nxd7 5. O-O Ngf6 6. Re1 e6 7. c3 Be7 8.
d4 O-O 9. Nbd2 Rc8 10. e5 Nd5 11. Ne4 dxe5 12. dxe5 Qc7 13. c4 Nb4 14. Bf4 Rfd8
15. a3 Nc6 16. Qc2 Nf8 17. Rad1 Ng6 18. Bg3 Nd4 19. Nxd4 cxd4 20. b3 Bxa3 21.
Ra1 Bb4 22. Red1 Nxe5 23. Rxa7 Qb6 24. Raa1 Ng6 25. Rd3 e5 26. h4 f5 27. Ng5 e4
28. Rdd1 d3 29. Qb2 h6 30. Nh3 Qf6 31. Qa2 f4 32. Bh2 e3 33. fxe3 fxe3 34. Rf1
Qd4 35. Kh1 e2 36. Rfe1 Bxe1 0-1

[Event "Lynskak DM 2023"]
[Site "Hvidovre"]
[Date "2023.05.14"]
[Round "10.7"]
[White "Fedder, Steen"]
[Black "Pedersen, Jan Nordenbaek"]
[Result "1-0"]
[WhiteElo "2380"]
[BlackElo "2148"]
[PlyCount "79"]
[EventDate "2023.05.14"]
[EventType "swiss"]
[EventRounds "13"]
[EventCountry "DEN"]
[SourceTitle "Live v. Kasper Jerwiarz"]

1. d4 Nf6 2. c4 g6 3. Nc3 Bg7 4. e4 d6 5. Be2 O-O 6. Bg5 h6 7. Bh4 c5 8. d5 e6
9. Nf3 exd5 10. cxd5 g5 11. Bg3 Nh5 12. Nd2 Nxg3 13. hxg3 f5 14. exf5 Bxf5 15.
Bg4 Nd7 16. Bxf5 Rxf5 17. Qg4 Qe7+ 18. Kf1 Raf8 19. Nde4 Ne5 20. Qe2 a6 21. a4
c4 22. Kg1 Nd3 23. Rf1 Bd4 24. Rxh6 Nxf2 25. Nxf2 Qxe2 26. Nxe2 Bxf2+ 27. Kh2
Bc5 28. Rxf5 Rxf5 29. Nc3 Bb4 30. g4 Rf2 31. Ne4 Rxb2 32. Nxg5 c3 33. Rg6+ Kf8
34. Rf6+ Kg7 35. Rf1 c2 36. Ne6+ Kg6 37. g5 Rb1 38. Rf6+ Kh5 39. Kg3 Be1+ 40.
Kh3 1-0

[Event "Lynskak DM 2023"]
[Site "Hvidovre"]
[Date "2023.05.14"]
[Round "10.8"]
[White "Larsen, Karsten"]
[Black "Hoi, Carsten"]
[Result "0-1"]
[WhiteElo "2208"]
[BlackElo "2333"]
[PlyCount "38"]
[EventDate "2023.05.14"]
[EventType "swiss"]
[EventRounds "13"]
[EventCountry "DEN"]
[SourceTitle "Live v. Kasper Jerwiarz"]

1. e4 g6 2. d4 Bg7 3. Nc3 d6 4. h4 h5 5. Bc4 c6 6. Be3 Nf6 7. Bb3 b5 8. f3 a5
9. a4 b4 10. Nce2 O-O 11. Qd2 Nbd7 12. Nh3 Qc7 13. Nef4 e6 14. Ng5 d5 15. e5
Nh7 16. g4 c5 17. dxc5 Qxe5 18. Nxh7 Kxh7 19. gxh5 d4 0-1

[Event "Lynskak DM 2023"]
[Site "Hvidovre"]
[Date "2023.05.14"]
[Round "10.9"]
[White "Zander, Emil"]
[Black "Nielsen, Viktor Haarmark"]
[Result "1-0"]
[WhiteElo "1982"]
[BlackElo "2335"]
[PlyCount "83"]
[EventDate "2023.05.14"]
[EventType "swiss"]
[EventRounds "13"]
[EventCountry "DEN"]
[SourceTitle "Live v. Kasper Jerwiarz"]

1. e4 e5 2. Nf3 Nc6 3. Bc4 Bc5 4. c3 Nf6 5. d3 a6 6. O-O Ba7 7. Re1 O-O 8. h3
d6 9. a4 h6 10. Nbd2 Re8 11. b4 Be6 12. Bxe6 Rxe6 13. Bb2 Ne7 14. d4 Ng6 15. d5
Re8 16. Nf1 Nh5 17. Bc1 Nhf4 18. Be3 Bxe3 19. Rxe3 Rf8 20. Kh2 Ne7 21. g3 Nfg6
22. c4 f5 23. exf5 Nxf5 24. Re1 Qf6 25. Kg2 Nd4 26. N1h2 Nxf3 27. Qxf3 Qg5 28.
Qg4 Qxg4 29. Nxg4 Ne7 30. Rad1 Nf5 31. c5 a5 32. b5 b6 33. cxd6 cxd6 34. Rc1
Nd4 35. Rc7 Nb3 36. Rc6 Nc5 37. Rxd6 Nxa4 38. Rxe5 Nc3 39. Re7 Rad8 40. Rg6 Rf7
41. Nxh6+ Kh7 42. Nxf7 1-0

[Event "Lynskak DM 2023"]
[Site "Hvidovre"]
[Date "2023.05.14"]
[Round "10.10"]
[White "Nielsen, Jan Mose"]
[Black "Pedersen, Daniel Vesterbaek"]
[Result "0-1"]
[WhiteElo "2009"]
[BlackElo "2212"]
[PlyCount "84"]
[EventDate "2023.05.14"]
[EventType "swiss"]
[EventRounds "13"]
[EventCountry "DEN"]
[SourceTitle "Live v. Kasper Jerwiarz"]

1. d4 Nf6 2. Nf3 e6 3. Bg5 d5 4. Nbd2 h6 5. Bxf6 Qxf6 6. e4 c5 7. c3 Nc6 8. Bb5
Bd7 9. O-O cxd4 10. exd5 exd5 11. Re1+ Be7 12. Nxd4 O-O 13. Qa4 Rfe8 14. N2f3
Bd6 15. Kf1 Bc5 16. Bxc6 bxc6 17. Qc2 Rab8 18. h3 Rbd8 19. Qa4 Bb6 20. Qc2 c5
21. Ne2 Bf5 22. Qa4 Bd3 23. Nfg1 Re7 24. Rad1 c4 25. Nf3 Rde8 26. Rd2 Qf4 27.
Qd1 Qd6 28. Rxd3 cxd3 29. Qxd3 Qc5 30. Nfd4 Re4 31. Rd1 Qc4 32. Qxc4 dxc4 33.
Ng3 R4e5 34. f3 Re3 35. Kf2 Rd3 36. Rxd3 cxd3 37. Nf1 Re2+ 38. Kg3 Rxb2 39. Ne3
Bxd4 40. cxd4 d2 41. Kf4 Rb1 42. Ke4 d1=Q 0-1

[Event "Lynskak DM 2023"]
[Site "Hvidovre"]
[Date "2023.05.14"]
[Round "11.1"]
[White "Thybo, Jesper Sondergaard"]
[Black "Kistrup, Nicolai"]
[Result "1-0"]
[WhiteElo "2509"]
[BlackElo "2300"]
[PlyCount "57"]
[EventDate "2023.05.14"]
[EventType "swiss"]
[EventRounds "13"]
[EventCountry "DEN"]
[SourceTitle "Live v. Kasper Jerwiarz"]

1. Nf3 d5 2. g3 c5 3. Bg2 Nc6 4. d4 Nf6 5. O-O e6 6. c4 dxc4 7. dxc5 Qxd1 8.
Rxd1 Bxc5 9. Nfd2 Nd4 10. Nc3 Nd5 11. Kf1 Nc2 12. Nde4 Be7 13. Rb1 f5 14. Nxd5
exd5 15. Nc3 d4 16. Nb5 O-O 17. Bd5+ Kh8 18. Bxc4 Bf6 19. Bb3 Nb4 20. Nxd4 Bd7
21. Be3 Rfe8 22. a3 Na6 23. Rbc1 Rac8 24. Rxc8 Rxc8 25. Ne6 Bxe6 26. Bxe6 Rc2
27. b4 g6 28. Rd8+ Kg7 29. Rg8# 1-0

[Event "Lynskak DM 2023"]
[Site "Hvidovre"]
[Date "2023.05.14"]
[Round "11.2"]
[White "Olsen, Filip Boe"]
[Black "Andersen, Mads"]
[Result "0-1"]
[WhiteElo "2435"]
[BlackElo "2615"]
[PlyCount "118"]
[EventDate "2023.05.14"]
[EventType "swiss"]
[EventRounds "13"]
[EventCountry "DEN"]
[SourceTitle "Live v. Kasper Jerwiarz"]

1. d4 d5 2. c4 e6 3. Nc3 c5 4. cxd5 exd5 5. Nf3 Nf6 6. Bg5 Be6 7. e3 c4 8. Bxf6
Qxf6 9. a3 Nc6 10. g3 Be7 11. Bg2 O-O 12. Ng1 Rad8 13. Nge2 g5 14. h4 h6 15.
Qc2 Qg6 16. Qxg6+ fxg6 17. hxg5 hxg5 18. Rd1 Bf7 19. e4 dxe4 20. Bxe4 Bf6 21.
d5 Ne5 22. O-O a6 23. a4 Nd7 24. d6 Nc5 25. Bd5 Rfe8 26. Kg2 Bxd5+ 27. Rxd5 Nd3
28. b3 Nb4 29. bxc4 Nxd5 30. Nxd5 Rxd6 31. Nxf6+ Rxf6 32. Nc3 Rc6 33. Nd5 Kf7
34. Rb1 Rb8 35. Ne3 Ke6 36. Kf3 Kd6 37. Kg4 Kc5 38. Kxg5 b6 39. a5 Rf8 40. f4
bxa5 41. Ra1 Kb4 42. Rb1+ Kc3 43. Ra1 Rc5+ 44. Kxg6 Rg8+ 45. Kf6 Rxg3 46. Nd5+
Kxc4 47. Ne7 Rf3 48. f5 Kb4 49. Rb1+ Rb3 50. Rd1 a4 51. Nd5+ Kb5 52. Ke5 a3 53.
f6 a2 54. f7 Rf3 55. Ke6 Ka4 56. Rd4+ Ka3 57. Rf4 Rxf4 58. Nxf4 Rc8 59. Kd7 Rf8
0-1

[Event "Lynskak DM 2023"]
[Site "Hvidovre"]
[Date "2023.05.14"]
[Round "11.3"]
[White "Sylvan, Jacob"]
[Black "Skytte, Rasmus"]
[Result "0-1"]
[WhiteElo "2325"]
[BlackElo "2430"]
[PlyCount "48"]
[EventDate "2023.05.14"]
[EventType "swiss"]
[EventRounds "13"]
[EventCountry "DEN"]
[SourceTitle "Live v. Kasper Jerwiarz"]

1. e4 g6 2. d4 Bg7 3. Nc3 a6 4. f4 d5 5. e5 h5 6. Nf3 Nh6 7. Bd3 Bf5 8. Be3 e6
9. Bf2 Bxd3 10. Qxd3 Nf5 11. g3 Nd7 12. h3 Rc8 13. Ne2 c5 14. c3 cxd4 15. cxd4
Qb6 16. b3 Qb4+ 17. Kf1 Qa3 18. Kg2 O-O 19. Qd2 f6 20. exf6 Nxf6 21. Nc3 Ne4
22. Nxe4 dxe4 23. Ne5 e3 24. Bxe3 Rc2 0-1

[Event "Lynskak DM 2023"]
[Site "Hvidovre"]
[Date "2023.05.14"]
[Round "11.4"]
[White "Jaksland, Tim"]
[Black "Fedder, Steen"]
[Result "1-0"]
[WhiteElo "2117"]
[BlackElo "2380"]
[PlyCount "99"]
[EventDate "2023.05.14"]
[EventType "swiss"]
[EventRounds "13"]
[EventCountry "DEN"]
[SourceTitle "Live v. Kasper Jerwiarz"]

1. e4 e5 2. Nf3 Nc6 3. d4 exd4 4. Nxd4 Nf6 5. Nxc6 bxc6 6. e5 Qe7 7. Qe2 Nd5 8.
h4 d6 9. c4 Nb6 10. exd6 Qxe2+ 11. Bxe2 cxd6 12. Nc3 Be7 13. Bf4 O-O 14. O-O-O
d5 15. cxd5 cxd5 16. Bf3 Be6 17. Nxd5 Nxd5 18. Bxd5 Bf5 19. Bxa8 Rxa8 20. Be5
Rc8+ 21. Bc3 h5 22. f3 Bf6 23. Kd2 Bxc3+ 24. bxc3 Rb8 25. Ke3 Rc8 26. Kf4 Be6
27. Rd3 Bxa2 28. Ra1 Bc4 29. Rd7 a6 30. Re1 Be6 31. Ra7 Rxc3 32. Rxa6 Rc2 33.
Kg3 Rc4 34. Rb1 Kh7 35. Ra5 g6 36. Ra7 Kg7 37. Re1 Rc6 38. Re3 Rb6 39. Kf4 Rc6
40. g4 hxg4 41. fxg4 Rc4+ 42. Kg3 Rxg4+ 43. Kf3 Rxh4 44. Rxe6 Rh3+ 45. Kg4 Rh5
46. Ree7 Rf5 47. Reb7 Rf2 48. Rb3 Rf5 49. Rf3 Rh5 50. Kg3 1-0

[Event "Lynskak DM 2023"]
[Site "Hvidovre"]
[Date "2023.05.14"]
[Round "11.5"]
[White "Boe, Mads"]
[Black "Hoi, Carsten"]
[Result "1-0"]
[WhiteElo "2283"]
[BlackElo "2333"]
[PlyCount "113"]
[EventDate "2023.05.14"]
[EventType "swiss"]
[EventRounds "13"]
[EventCountry "DEN"]
[SourceTitle "Live v. Kasper Jerwiarz"]

1. d4 g6 2. Nf3 Bg7 3. c3 d6 4. Bg5 Nf6 5. Nbd2 O-O 6. e3 Nbd7 7. Bd3 e5 8. O-O
h6 9. Bh4 Qe7 10. e4 g5 11. Bg3 Nh5 12. dxe5 dxe5 13. Nc4 Nf4 14. Ne3 Nc5 15.
Bc2 Be6 16. b4 Rad8 17. Qe1 Ncd3 18. Bxd3 Nxd3 19. Qe2 Nf4 20. Qc2 Rd7 21. Rfd1
Rfd8 22. Rxd7 Rxd7 23. Rd1 c6 24. Rd2 Qd8 25. Rxd7 Qxd7 26. a3 a6 27. Ne1 h5
28. f3 g4 29. Bf2 Qd8 30. a4 Bh6 31. a5 Bg7 32. Nf1 h4 33. Qd2 Qxd2 34. Nxd2
gxf3 35. Ndxf3 Ne2+ 36. Kf1 Nxc3 37. Nxh4 Na2 38. Nc2 Bb3 39. Ne3 Nxb4 40. Nhf5
Bf8 41. Ng4 Bc4+ 42. Ke1 Nd3+ 43. Kd2 Nxf2 44. Nxf2 Be6 45. Kc3 Bxf5 46. exf5
f6 47. Ne4 Kf7 48. g4 Be7 49. Kc4 Bd8 50. Kb4 Be7+ 51. Kc4 Bd8 52. Nd6+ Kf8 53.
Nxb7 Bc7 54. h4 e4 55. Kd4 Bg3 56. g5 Bxh4 57. g6 1-0

[Event "Lynskak DM 2023"]
[Site "Hvidovre"]
[Date "2023.05.14"]
[Round "11.6"]
[White "Thorsbro, Peter"]
[Black "Zander, Emil"]
[Result "1/2-1/2"]
[WhiteElo "2165"]
[BlackElo "1982"]
[PlyCount "108"]
[EventDate "2023.05.14"]
[EventType "swiss"]
[EventRounds "13"]
[EventCountry "DEN"]
[SourceTitle "Live v. Kasper Jerwiarz"]

1. d4 Nf6 2. Nf3 d5 3. g3 c5 4. Bg2 cxd4 5. O-O h6 6. b3 Bg4 7. Ne5 Bf5 8. Bb2
e6 9. Bxd4 Be7 10. c4 O-O 11. cxd5 exd5 12. Nd2 Nc6 13. Nxc6 bxc6 14. Rc1 Rc8
15. Nf3 c5 16. Bb2 Be4 17. Qd2 Qb6 18. e3 Rfd8 19. Rfd1 Qb7 20. Nh4 Bxg2 21.
Nxg2 Ne4 22. Qe2 Bf6 23. Bxf6 Nxf6 24. Nf4 d4 25. exd4 cxd4 26. Rxc8 Qxc8 27.
Qe5 Qc2 28. Qe2 Rc8 29. Rxd4 Qxe2 30. Nxe2 Rc2 31. Rd8+ Kh7 32. Nf4 Rxa2 33.
Rd4 a5 34. h3 Rb2 35. Ra4 Rxb3 36. Rxa5 g5 37. Ne2 Kg6 38. Ra4 Nd5 39. Kg2 f6
40. Nd4 Rb4 41. Rxb4 Nxb4 42. Kf3 Nd3 43. Ne2 f5 44. Ke3 Ne5 45. f4 Nc6 46. Nd4
Ne7 47. Ne6 Kf6 48. Nc7 gxf4+ 49. Kxf4 Ng6+ 50. Ke3 Ke5 51. Kf3 f4 52. Ne8 fxg3
53. Kxg3 Nf4 54. Kg4 Nxh3 1/2-1/2

[Event "Lynskak DM 2023"]
[Site "Hvidovre"]
[Date "2023.05.14"]
[Round "11.7"]
[White "Pedersen, Daniel Vesterbaek"]
[Black "Lauridsen, Jesper Morch"]
[Result "1-0"]
[WhiteElo "2212"]
[BlackElo "2309"]
[PlyCount "52"]
[EventDate "2023.05.14"]
[EventType "swiss"]
[EventRounds "13"]
[EventCountry "DEN"]
[SourceTitle "Live v. Kasper Jerwiarz"]

1. e4 e5 2. Nf3 Nf6 3. Nc3 Bb4 4. d3 d5 5. exd5 Bxc3+ 6. bxc3 Qxd5 7. c4 Qd6 8.
Rb1 e4 9. Nd2 Bf5 10. dxe4 Nxe4 11. Nxe4 Qxd1+ 12. Kxd1 Bxe4 13. f3 Bc6 14. Ba3
Nd7 15. Be2 Ne5 16. Kd2 O-O-O+ 17. Kc3 Rhe8 18. Rhe1 Ng6 19. Rbd1 Rxd1 20. Rxd1
Rxe2 21. Rg1 Nf4 22. g3 Nh3 23. Rf1 Re3+ 24. Kb2 Rxf3 25. Re1 b6 26. Re7 Nf2
1-0

[Event "Lynskak DM 2023"]
[Site "Hvidovre"]
[Date "2023.05.14"]
[Round "11.8"]
[White "Loftgaard, Mikkel Vinh"]
[Black "Hansen, Jacob Ost"]
[Result "1-0"]
[WhiteElo "2244"]
[BlackElo "2338"]
[PlyCount "43"]
[EventDate "2023.05.14"]
[EventType "swiss"]
[EventRounds "13"]
[EventCountry "DEN"]
[SourceTitle "Live v. Kasper Jerwiarz"]

1. e4 c5 2. Nf3 e6 3. c3 d5 4. exd5 Qxd5 5. d4 Nf6 6. Na3 Qd8 7. Bd3 Nc6 8. O-O
cxd4 9. cxd4 Bxa3 10. bxa3 O-O 11. Bg5 Kh8 12. Rb1 Nxd4 13. Nxd4 Qxd4 14. Rb4
Qe5 15. Bc1 Rd8 16. Bb2 Qd6 17. Rd4 Qe7 18. Qf3 Rxd4 19. Bxd4 e5 20. Re1 Bg4
21. Qg3 Rd8 22. Bxe5 1-0

[Event "Lynskak DM 2023"]
[Site "Hvidovre"]
[Date "2023.05.14"]
[Round "11.9"]
[White "Pedersen, Jan Nordenbaek"]
[Black "Larsen, Karsten"]
[Result "1-0"]
[WhiteElo "2148"]
[BlackElo "2208"]
[PlyCount "75"]
[EventDate "2023.05.14"]
[EventType "swiss"]
[EventRounds "13"]
[EventCountry "DEN"]
[SourceTitle "Live v. Kasper Jerwiarz"]

1. e4 e5 2. Nf3 Nc6 3. Bc4 Bc5 4. c3 Nf6 5. d3 O-O 6. O-O d6 7. Bb3 h6 8. h3 a6
9. Nbd2 Re8 10. Re1 Ba7 11. Nf1 Ne7 12. Ng3 Ng6 13. d4 c6 14. Be3 Be6 15. Bxe6
fxe6 16. dxe5 dxe5 17. Bxa7 Rxa7 18. Qb3 Kh8 19. Rad1 Qc7 20. Rd2 Raa8 21. Red1
Re7 22. a4 Rf8 23. Qb4 c5 24. Qc4 Nf4 25. Nh2 Ref7 26. Ne2 N6h5 27. Nxf4 Nxf4
28. f3 h5 29. Nf1 Rf6 30. Ne3 Qf7 31. Qxc5 Rg6 32. Rd8 Rxd8 33. Rxd8+ Kh7 34.
Qf8 Nxh3+ 35. Kf1 Qxf8 36. Rxf8 Nf4 37. Rb8 Nd3 38. Rxb7 1-0

[Event "Lynskak DM 2023"]
[Site "Hvidovre"]
[Date "2023.05.14"]
[Round "11.10"]
[White "Jarlskov, Daniel Tuk Hartso"]
[Black "Ostergaard, Jens"]
[Result "1-0"]
[WhiteElo "2023"]
[BlackElo "2278"]
[PlyCount "87"]
[EventDate "2023.05.14"]
[EventType "swiss"]
[EventRounds "13"]
[EventCountry "DEN"]
[SourceTitle "Live v. Kasper Jerwiarz"]

1. d4 Nf6 2. c4 g6 3. h4 h5 4. Nc3 Bg7 5. Nf3 d6 6. e4 O-O 7. Be2 e5 8. Bg5 Qe8
9. Bxf6 Bxf6 10. Nd5 Bd8 11. Ng5 f6 12. Nf3 c6 13. Nc3 Na6 14. a3 exd4 15. Qxd4
Nc5 16. Qxd6 Nxe4 17. Nxe4 Qxe4 18. Qd3 Bf5 19. Qxe4 Bxe4 20. O-O f5 21. Ng5
Bf6 22. Nxe4 fxe4 23. Rab1 Rfd8 24. Rfd1 Kf7 25. g3 Ke6 26. b4 Bd4 27. Kg2 b6
28. Re1 Bc3 29. Red1 Bd4 30. g4 hxg4 31. Bxg4+ Ke5 32. Kg3 Rf8 33. Rd2 c5 34.
bxc5 bxc5 35. Rb7 e3 36. fxe3 Bxe3 37. Re7+ Kf6 38. Rxe3 Rad8 39. Re6+ Kg7 40.
Red6 Rb8 41. Rd7+ Kh6 42. R7d6 Rb3+ 43. R2d3 Rb2 44. h5 1-0

[Event "Lynskak DM 2023"]
[Site "Hvidovre"]
[Date "2023.05.14"]
[Round "12.1"]
[White "Andersen, Mads"]
[Black "Boe, Mads"]
[Result "1-0"]
[WhiteElo "2615"]
[BlackElo "2283"]
[PlyCount "125"]
[EventDate "2023.05.14"]
[EventType "swiss"]
[EventRounds "13"]
[EventCountry "DEN"]
[SourceTitle "Live v. Kasper Jerwiarz"]

1. e4 c6 2. Nf3 d5 3. Nc3 Bg4 4. h3 Bxf3 5. Qxf3 e6 6. Be2 Nf6 7. O-O dxe4 8.
Nxe4 Nxe4 9. Qxe4 Nd7 10. b4 Nf6 11. Qf3 Qd5 12. b5 cxb5 13. Qxd5 Nxd5 14.
Bxb5+ Kd8 15. Rb1 Be7 16. Be2 b6 17. c4 Nf4 18. Bf3 Rc8 19. d3 Ng6 20. Rd1 Bf6
21. Be3 Ke7 22. a4 Rhd8 23. a5 bxa5 24. Rb5 Ne5 25. Be2 Nc6 26. Bc5+ Ke8 27.
Rb7 Bd4 28. Bxd4 Nxd4 29. Bf1 Rd7 30. Rb2 Nf5 31. Rb5 Rxc4 32. Rxa5 Rcc7 33.
Re1 Nd4 34. Ra4 Ke7 35. Ra6 Nf5 36. g3 Rd4 37. Ra5 Rd6 38. Rxf5 Rcd7 39. Ra5
Rc7 40. Rea1 Rdd7 41. h4 h6 42. Kg2 g6 43. R1a2 h5 44. Be2 Rb7 45. R2a3 Rbc7
46. Bf3 Kf6 47. Be4 Kg7 48. Ra6 f5 49. Bf3 e5 50. Bc6 Re7 51. Bb5 Kh6 52. Bc4
e4 53. Rd6 exd3 54. Bxd3 Kh7 55. Raa6 Rg7 56. Kf3 Rcd7 57. Kf4 Rxd6 58. Rxd6
Rb7 59. Kg5 a5 60. Ra6 Rd7 61. Bb1 Rb7 62. Bd3 Rd7 63. Bf1 1-0

[Event "Lynskak DM 2023"]
[Site "Hvidovre"]
[Date "2023.05.14"]
[Round "12.2"]
[White "Kistrup, Nicolai"]
[Black "Jaksland, Tim"]
[Result "1-0"]
[WhiteElo "2300"]
[BlackElo "2117"]
[PlyCount "77"]
[EventDate "2023.05.14"]
[EventType "swiss"]
[EventRounds "13"]
[EventCountry "DEN"]
[SourceTitle "Live v. Kasper Jerwiarz"]

1. d4 Nf6 2. c4 c5 3. d5 b5 4. cxb5 a6 5. bxa6 g6 6. Nc3 Bxa6 7. e4 Bxf1 8.
Kxf1 d6 9. g3 Bg7 10. Kg2 O-O 11. Nf3 Nbd7 12. a4 Qb6 13. Ra3 Rfb8 14. Nd2 Ne8
15. Nb5 Nc7 16. Nc4 Qb7 17. Nxc7 Qxc7 18. a5 Ne5 19. Nb6 Ra7 20. Bd2 Nd7 21.
Nc4 Ne5 22. Nxe5 Bxe5 23. b3 c4 24. bxc4 Qxc4 25. Qa4 Qxa4 26. Rxa4 Rb2 27. Be3
Ra6 28. Rc1 Kg7 29. Rc6 Ra8 30. a6 f5 31. exf5 gxf5 32. Rc7 Kf7 33. Rb7 Rc2 34.
a7 Rcc8 35. Rab4 Bc3 36. Rb3 Be5 37. Rb8 h5 38. Rxa8 Rxa8 39. Rb8 1-0

[Event "Lynskak DM 2023"]
[Site "Hvidovre"]
[Date "2023.05.14"]
[Round "12.3"]
[White "Thybo, Jesper Sondergaard"]
[Black "Skytte, Rasmus"]
[Result "0-1"]
[WhiteElo "2509"]
[BlackElo "2430"]
[PlyCount "58"]
[EventDate "2023.05.14"]
[EventType "swiss"]
[EventRounds "13"]
[EventCountry "DEN"]
[SourceTitle "Live v. Kasper Jerwiarz"]

1. Nf3 g6 2. g3 Bg7 3. d4 c5 4. c3 Nf6 5. Bg2 O-O 6. O-O d6 7. dxc5 dxc5 8. Na3
Nc6 9. Be3 Nd7 10. Ng5 Qa5 11. Qb3 Nb6 12. Nc4 Qa6 13. Nxb6 axb6 14. Bd5 e6 15.
Bg2 Na5 16. Qc2 Bd7 17. Ne4 Nc4 18. Bg5 Bc6 19. b3 Ne5 20. a4 h6 21. Bf4 Rad8
22. Rad1 c4 23. Rxd8 Rxd8 24. Rd1 Rxd1+ 25. Qxd1 cxb3 26. Qxb3 Qxe2 27. Qb1 Nd3
28. Be3 Ne1 29. Nd2 Nxg2 0-1

[Event "Lynskak DM 2023"]
[Site "Hvidovre"]
[Date "2023.05.14"]
[Round "12.4"]
[White "Thorsbro, Peter"]
[Black "Sylvan, Jacob"]
[Result "0-1"]
[WhiteElo "2165"]
[BlackElo "2325"]
[PlyCount "82"]
[EventDate "2023.05.14"]
[EventType "swiss"]
[EventRounds "13"]
[EventCountry "DEN"]
[SourceTitle "Live v. Kasper Jerwiarz"]

1. d4 Nf6 2. Nf3 d5 3. Bf4 c5 4. e3 Nc6 5. c3 Bf5 6. Qb3 Qc8 7. h3 e6 8. Be2 h6
9. O-O Be7 10. Nbd2 O-O 11. Rfe1 c4 12. Qd1 b5 13. Ne5 a5 14. Bf3 Ra6 15. a4 b4
16. e4 Nxe5 17. dxe5 Nxe4 18. Nxe4 Bxe4 19. Bxe4 dxe4 20. Qe2 bxc3 21. bxc3 Rb6
22. Qxe4 Rb3 23. Re3 Qb7 24. Qxc4 Rc8 25. Qd3 Rd8 26. Qe2 Rb1+ 27. Rxb1 Qxb1+
28. Kh2 Rd1 29. Qg4 Bc5 30. Bxh6 Rh1+ 31. Kg3 Qg6 32. Qxg6 fxg6 33. Bf4 Bxe3
34. Bxe3 Ra1 35. Kf4 Rxa4+ 36. Kg5 Kf7 37. g4 Rc4 38. Bd4 a4 39. f4 a3 40. f5
gxf5 41. gxf5 a2 0-1

[Event "Lynskak DM 2023"]
[Site "Hvidovre"]
[Date "2023.05.14"]
[Round "12.5"]
[White "Hoi, Carsten"]
[Black "Pedersen, Daniel Vesterbaek"]
[Result "1/2-1/2"]
[WhiteElo "2333"]
[BlackElo "2212"]
[PlyCount "71"]
[EventDate "2023.05.14"]
[EventType "swiss"]
[EventRounds "13"]
[EventCountry "DEN"]
[SourceTitle "Live v. Kasper Jerwiarz"]

1. d4 Nf6 2. Nf3 d5 3. c4 e6 4. Nc3 Bb4 5. e3 O-O 6. Bd3 c5 7. O-O dxc4 8. Bxc4
cxd4 9. exd4 b6 10. Bg5 Bb7 11. a3 Bxc3 12. bxc3 Nbd7 13. Qe2 Qc7 14. Ne5 Nxe5
15. dxe5 Ne4 16. Bf4 Nxc3 17. Qd3 Rac8 18. Qxc3 Qxc4 19. Qg3 Kh8 20. h4 Rfd8
21. Rac1 Qe4 22. Bg5 Rd3 23. f3 Qd4+ 24. Kh2 Rdc3 25. Rxc3 Rxc3 26. Rf2 Bd5 27.
Rd2 Rd3 28. Rxd3 Qxd3 29. Qf4 Qf5 30. Qb4 h6 31. Bf4 Kh7 32. Bg3 Qd3 33. Qe7
Qf5 34. Qxa7 b5 35. Qc5 Bc4 36. Qd6 1/2-1/2

[Event "Lynskak DM 2023"]
[Site "Hvidovre"]
[Date "2023.05.14"]
[Round "12.6"]
[White "Olsen, Filip Boe"]
[Black "Jarlskov, Daniel Tuk Hartso"]
[Result "1-0"]
[WhiteElo "2435"]
[BlackElo "2023"]
[PlyCount "61"]
[EventDate "2023.05.14"]
[EventType "swiss"]
[EventRounds "13"]
[EventCountry "DEN"]
[SourceTitle "Live v. Kasper Jerwiarz"]

1. d4 d5 2. c4 e6 3. Nc3 c5 4. cxd5 exd5 5. Nf3 Nc6 6. dxc5 d4 7. Na4 Bxc5 8.
Nxc5 Qa5+ 9. Bd2 Qxc5 10. Rc1 Qd6 11. Bc3 Nf6 12. Nxd4 Nxd4 13. Qxd4 Qxd4 14.
Bxd4 Be6 15. e3 O-O 16. Bd3 Nd5 17. a3 a6 18. Ke2 b5 19. Rhd1 b4 20. Bc5 Rfd8
21. axb4 a5 22. b5 Nb4 23. Bxb4 axb4 24. Be4 Rac8 25. b6 f5 26. b7 Rxc1 27.
Rxd8+ Kf7 28. b8=Q fxe4 29. Qf4+ Kg6 30. Rd6 Rc2+ 31. Kd1 1-0

[Event "Lynskak DM 2023"]
[Site "Hvidovre"]
[Date "2023.05.14"]
[Round "12.7"]
[White "Fedder, Steen"]
[Black "Zander, Emil"]
[Result "1-0"]
[WhiteElo "2380"]
[BlackElo "1982"]
[PlyCount "85"]
[EventDate "2023.05.14"]
[EventType "swiss"]
[EventRounds "13"]
[EventCountry "DEN"]
[SourceTitle "Live v. Kasper Jerwiarz"]

1. d4 Nf6 2. c4 e6 3. g3 d5 4. Nf3 dxc4 5. Bg2 c5 6. O-O Nc6 7. Qa4 Bd7 8. dxc5
Bxc5 9. Qxc4 Bb6 10. Nc3 O-O 11. Rd1 Qe7 12. Bf4 e5 13. Bg5 Be6 14. Qh4 Qc5 15.
Bxf6 Qxf2+ 16. Kh1 gxf6 17. Ne4 Qe3 18. Nxf6+ Kg7 19. Nh5+ Kg6 20. Rd3 Qh6 21.
g4 f5 22. Rd6 Rae8 23. Rxc6 fxg4 24. Nxe5+ Kf5 25. Ng3+ Kxe5 26. Qxh6 bxc6 27.
Rd1 Bd5 28. Qg5+ Kd6 29. Bxd5 cxd5 30. Nf5+ Kc6 31. Ne7+ Kb7 32. Qxd5+ Ka6 33.
Qc4+ Kb7 34. Qe4+ Kb8 35. Rc1 Bc7 36. Qb4+ Bb6 37. Qd6+ Ka8 38. Qd5+ Kb8 39.
Nc6+ Kb7 40. Nd8+ Ka6 41. Qd3+ Ka5 42. Nc6+ Ka4 43. Qb3# 1-0